<?xml version="1.0" encoding="UTF-8"?>
<record
    xmlns:xsi="http://www.w3.org/2001/XMLSchema-instance"
    xsi:schemaLocation="http://www.loc.gov/MARC21/slim http://www.loc.gov/standards/marcxml/schema/MARC21slim.xsd"
    xmlns="http://www.loc.gov/MARC21/slim">

  <leader>01229cam a2200337 a 4500</leader>
  <controlfield tag="001">2049997</controlfield>
  <controlfield tag="003">OSt</controlfield>
  <controlfield tag="005">20210213135347.0</controlfield>
  <controlfield tag="008">930604s1994    paua     b    001 0 eng c</controlfield>
  <datafield tag="010" ind1=" " ind2=" ">
    <subfield code="a">   93011419 </subfield>
  </datafield>
  <datafield tag="020" ind1=" " ind2=" ">
    <subfield code="a">0397549857</subfield>
  </datafield>
  <datafield tag="040" ind1=" " ind2=" ">
    <subfield code="a">DNLM/DLC</subfield>
    <subfield code="c">DLC</subfield>
    <subfield code="d">DLC</subfield>
    <subfield code="d">PHNSL</subfield>
  </datafield>
  <datafield tag="050" ind1="0" ind2="0">
    <subfield code="a">RT120.I5</subfield>
    <subfield code="b">C744 1994</subfield>
  </datafield>
  <datafield tag="060" ind1="0" ind2="0">
    <subfield code="a">WY 154 C9328 1994</subfield>
  </datafield>
  <datafield tag="082" ind1="0" ind2="0">
    <subfield code="a">610.73/61</subfield>
    <subfield code="2">20</subfield>
  </datafield>
  <datafield tag="245" ind1="0" ind2="0">
    <subfield code="a">Critical care nursing :</subfield>
    <subfield code="b">a holistic approach /</subfield>
    <subfield code="c">[edited by] Carolyn M. Hudak, Barbara M. Gallo ; special editor, Julie J. Benz.</subfield>
  </datafield>
  <datafield tag="250" ind1=" " ind2=" ">
    <subfield code="a">6th ed.</subfield>
  </datafield>
  <datafield tag="260" ind1=" " ind2=" ">
    <subfield code="a">Philadelphia, Pa. :</subfield>
    <subfield code="b">Lippincott,</subfield>
    <subfield code="c">1994.</subfield>
  </datafield>
  <datafield tag="300" ind1=" " ind2=" ">
    <subfield code="a">xxi, 1079, 29 p. :</subfield>
    <subfield code="b">ill. (some col.) ;</subfield>
    <subfield code="c">29 cm.</subfield>
  </datafield>
  <datafield tag="504" ind1=" " ind2=" ">
    <subfield code="a">Includes bibliographical references and index.</subfield>
  </datafield>
  <datafield tag="650" ind1=" " ind2="0">
    <subfield code="a">Intensive care nursing.</subfield>
  </datafield>
  <datafield tag="650" ind1=" " ind2="0">
    <subfield code="a">Holistic nursing.</subfield>
  </datafield>
  <datafield tag="650" ind1=" " ind2="2">
    <subfield code="a">Critical Care</subfield>
    <subfield code="x">nurses' instruction.</subfield>
  </datafield>
  <datafield tag="650" ind1=" " ind2="2">
    <subfield code="a">Holistic Health</subfield>
    <subfield code="x">nurses' instruction.</subfield>
  </datafield>
  <datafield tag="700" ind1="1" ind2=" ">
    <subfield code="a">Hudak, Carolyn M.</subfield>
  </datafield>
  <datafield tag="700" ind1="1" ind2=" ">
    <subfield code="a">Gallo, Barbara M.</subfield>
  </datafield>
  <datafield tag="700" ind1="1" ind2=" ">
    <subfield code="a">Benz, Julie J.</subfield>
  </datafield>
  <datafield tag="906" ind1=" " ind2=" ">
    <subfield code="a">7</subfield>
    <subfield code="b">cbc</subfield>
    <subfield code="c">orignew</subfield>
    <subfield code="d">1</subfield>
    <subfield code="e">ocip</subfield>
    <subfield code="f">19</subfield>
    <subfield code="g">y-gencatlg</subfield>
  </datafield>
  <datafield tag="942" ind1=" " ind2=" ">
    <subfield code="2">lcc</subfield>
    <subfield code="c">BK</subfield>
  </datafield>
  <datafield tag="999" ind1=" " ind2=" ">
    <subfield code="c">286</subfield>
    <subfield code="d">286</subfield>
  </datafield>
  <datafield tag="952" ind1=" " ind2=" ">
    <subfield code="0">0</subfield>
    <subfield code="1">0</subfield>
    <subfield code="2">lcc</subfield>
    <subfield code="4">0</subfield>
    <subfield code="7">0</subfield>
    <subfield code="a">PHNS</subfield>
    <subfield code="b">PHNS</subfield>
    <subfield code="c">GEN</subfield>
    <subfield code="d">2021-02-13</subfield>
    <subfield code="o">RT120.I5 C86</subfield>
    <subfield code="p">01323</subfield>
    <subfield code="r">2021-02-13 00:00:00</subfield>
    <subfield code="t">c.1</subfield>
    <subfield code="w">2021-02-13</subfield>
    <subfield code="y">BK</subfield>
    <subfield code="z">kd 13/02/21</subfield>
  </datafield>
  <datafield tag="952" ind1=" " ind2=" ">
    <subfield code="0">0</subfield>
    <subfield code="1">0</subfield>
    <subfield code="2">lcc</subfield>
    <subfield code="4">0</subfield>
    <subfield code="7">0</subfield>
    <subfield code="a">PHNS</subfield>
    <subfield code="b">PHNS</subfield>
    <subfield code="c">GEN</subfield>
    <subfield code="d">2021-02-13</subfield>
    <subfield code="o">RT120.I5 C86</subfield>
    <subfield code="p">01324</subfield>
    <subfield code="r">2021-02-13 00:00:00</subfield>
    <subfield code="t">c.2</subfield>
    <subfield code="w">2021-02-13</subfield>
    <subfield code="y">BK</subfield>
    <subfield code="z">kd 13/02/21</subfield>
  </datafield>
  <datafield tag="952" ind1=" " ind2=" ">
    <subfield code="0">0</subfield>
    <subfield code="1">0</subfield>
    <subfield code="2">lcc</subfield>
    <subfield code="4">0</subfield>
    <subfield code="7">0</subfield>
    <subfield code="a">PHNS</subfield>
    <subfield code="b">PHNS</subfield>
    <subfield code="c">GEN</subfield>
    <subfield code="d">2021-02-13</subfield>
    <subfield code="o">RT120.I5 C86</subfield>
    <subfield code="p">01325</subfield>
    <subfield code="r">2021-02-13 00:00:00</subfield>
    <subfield code="t">c.3</subfield>
    <subfield code="w">2021-02-13</subfield>
    <subfield code="y">BK</subfield>
    <subfield code="z">kd 13/02/21</subfield>
  </datafield>
  <datafield tag="952" ind1=" " ind2=" ">
    <subfield code="0">0</subfield>
    <subfield code="1">0</subfield>
    <subfield code="2">lcc</subfield>
    <subfield code="4">0</subfield>
    <subfield code="7">0</subfield>
    <subfield code="a">PHNS</subfield>
    <subfield code="b">PHNS</subfield>
    <subfield code="c">GEN</subfield>
    <subfield code="d">2021-02-13</subfield>
    <subfield code="o">RT120.I5 C86</subfield>
    <subfield code="p">01326</subfield>
    <subfield code="r">2021-02-13 00:00:00</subfield>
    <subfield code="t">c.4</subfield>
    <subfield code="w">2021-02-13</subfield>
    <subfield code="y">BK</subfield>
    <subfield code="z">kd 13/02/21</subfield>
  </datafield>
  <datafield tag="952" ind1=" " ind2=" ">
    <subfield code="0">0</subfield>
    <subfield code="1">0</subfield>
    <subfield code="2">lcc</subfield>
    <subfield code="4">0</subfield>
    <subfield code="7">0</subfield>
    <subfield code="a">PHNS</subfield>
    <subfield code="b">PHNS</subfield>
    <subfield code="c">GEN</subfield>
    <subfield code="d">2021-02-13</subfield>
    <subfield code="o">RT120.I5 C86</subfield>
    <subfield code="p">01327</subfield>
    <subfield code="r">2021-02-13 00:00:00</subfield>
    <subfield code="t">c.5</subfield>
    <subfield code="w">2021-02-13</subfield>
    <subfield code="y">BK</subfield>
    <subfield code="z">kd 13/02/21</subfield>
  </datafield>
  <datafield tag="952" ind1=" " ind2=" ">
    <subfield code="0">0</subfield>
    <subfield code="1">0</subfield>
    <subfield code="2">lcc</subfield>
    <subfield code="4">0</subfield>
    <subfield code="7">0</subfield>
    <subfield code="a">PHNS</subfield>
    <subfield code="b">PHNS</subfield>
    <subfield code="c">GEN</subfield>
    <subfield code="d">2021-02-13</subfield>
    <subfield code="o">RT120.I5 C86</subfield>
    <subfield code="p">01328</subfield>
    <subfield code="r">2021-02-13 00:00:00</subfield>
    <subfield code="t">c.6</subfield>
    <subfield code="w">2021-02-13</subfield>
    <subfield code="y">BK</subfield>
    <subfield code="z">kd 13/02/21</subfield>
  </datafield>
  <datafield tag="952" ind1=" " ind2=" ">
    <subfield code="0">0</subfield>
    <subfield code="1">0</subfield>
    <subfield code="2">lcc</subfield>
    <subfield code="4">0</subfield>
    <subfield code="7">0</subfield>
    <subfield code="a">PHNS</subfield>
    <subfield code="b">PHNS</subfield>
    <subfield code="c">GEN</subfield>
    <subfield code="d">2021-02-13</subfield>
    <subfield code="o">RT120.I5 C86</subfield>
    <subfield code="p">01329</subfield>
    <subfield code="r">2021-02-13 00:00:00</subfield>
    <subfield code="t">c.7</subfield>
    <subfield code="w">2021-02-13</subfield>
    <subfield code="y">BK</subfield>
    <subfield code="z">kd 13/02/21</subfield>
  </datafield>
  <datafield tag="952" ind1=" " ind2=" ">
    <subfield code="0">0</subfield>
    <subfield code="1">0</subfield>
    <subfield code="2">lcc</subfield>
    <subfield code="4">0</subfield>
    <subfield code="7">0</subfield>
    <subfield code="a">PHNS</subfield>
    <subfield code="b">PHNS</subfield>
    <subfield code="c">GEN</subfield>
    <subfield code="d">2021-02-13</subfield>
    <subfield code="o">RT120.I5 C86</subfield>
    <subfield code="p">01330</subfield>
    <subfield code="r">2021-02-13 00:00:00</subfield>
    <subfield code="t">c.8</subfield>
    <subfield code="w">2021-02-13</subfield>
    <subfield code="y">BK</subfield>
    <subfield code="z">kd 13/02/21</subfield>
  </datafield>
</record>
